000 00613nam a2200241Ia 4500
003 OSt
005 20220918200618.0
006 a|||||r|||| 00| 0
007 ta
008 220917b |||||||| |||| 00| 0 eng d
024 _a89,524
037 _cTextual
040 _aARTS
_cARTS
_beng
041 _2eng
_aeng
082 _aU47:5, H3,H3;J6 (UD)
100 _aEast Gordon
_994837
245 0 _aHistorical geography of Europe
250 _a2nd
260 _c1943
650 _aHUMAN GEOGRAPHY
_91464
942 _hU47:5, H3,H3;J6 (UD)
_cTEXL
_2CC
999 _c213194
_d213194